00680cam a2200193 4500001001100000008004100011035001500052050002100067100002600088245008600114260003100200300002100231500001200252504003400264650002500298942001300323999001900336952013100355BFIL010282 1908 spa  aBFIL010282 4aPC4111bG37 19081 aGarzón Ruiz, José 0aEsperanto Gramática del idioma internacional esperanto /cJosé Garzón Ruiz. aBarcelona :bSopena,c1908 a160 p. ;c21 cm. a1 ejem. aIncluye apéndice e índice 4aEspañolxGramatica 2lcccLIB c125676d125676 102lcc4070aLIC-020bLIC-020cGENERALd2017-02-07f1a. ed.kEHoPC4111 G37 1908pBFF000022953r2017-02-07 00:00:00tC:1yLIB